Diagnóstico salud ocupacional. Taller estructura y soldadura (ICE)
Kaydedildi:
| Yazar: | |
|---|---|
| Materyal Türü: | Metin |
| Baskı/Yayın Bilgisi: |
San José :
|
| Etiketler: |
Etiketle
Etiket eklenmemiş, İlk siz ekleyin!
|
MARC
| LEADER | 00000 a a2200000 04500 | ||
|---|---|---|---|
| 001 | 14768 | ||
| 003 | |||
| 040 | |||
| 090 | |a 022300 | ||
| 100 | |a Peña Salas, Julia Mª | ||
| 245 | |a Diagnóstico salud ocupacional. Taller estructura y soldadura (ICE) | ||
| 260 | |a San José : | ||
| 300 | |a 28 p. | ||
| 999 | |c 12110 |d 12110 | ||
